[Event "Dhaka Chowdhury Memorial op-A 2nd"]
[Site "Dhaka"]
[Date "2022.07.07"]
[Round "7"]
[White "Md Abzid, Rahman"]
[Black "Hossain, Showkat Pollab"]
[Result "1-0"]
[WhiteElo "2036"]
[BlackElo "2005"]
[PlyCount "127"]
[EventDate "2022.07.02"]
[EventType "swiss"]
[EventRounds "8"]
[EventCountry "BAN"]
[SourceTitle "EXT 2023"]
[Source "ChessBase"]
[SourceDate "2022.10.05"]
[SourceVersion "1"]
[SourceVersionDate "2022.10.05"]
[SourceQuality "1"]

1. d4 Nf6 2. Nf3 e6 3. e3 b6 4. Bd3 Bb7 5. 0-0 Be7 6. b3 0-0 7. Bb2 c5 8. Nbd2 Nc6 9. a3 d5 10. Qe2 Rc8 11. Rad1 cxd4 12. exd4 Nd7 13. Rfe1 Re8 14. Nf1 Bd6 15. Ng3 Qe7 16. Ra1 Nf8 17. Qd1 Qc7 18. Ne5 f6 19. Nxc6 Bxc6 20. c4 Qb7 21. Qe2 Rc7 22. cxd5 Bxd5 23. Ne4 Be7 24. b4 f5 25. Ba6 Qa8 26. Nc3 Bf6 27. Nxd5 Qxd5 28. Rac1 Ree7 29. Bc4 Qd6 30. Rcd1 Qc6 31. Bb3 Rcd7 32. Qd3 Kh8 33. Qa6 h6 34. Ba4 Qb7 35. Qxb7 Rxb7 36. Bc6 Rb8 37. b5 Rd8 38. a4 Rf7 39. g3 Kh7 40. Kg2 g5 41. Re3 Kg7 42. a5 f4 43. Ra3 fxg3 44. hxg3 Ng6 45. axb6 axb6 46. Ra6 Rb8 47. Re1 Nf8 48. Re4 Kg6 49. Kf1 h5 50. Ba3 Kf5 51. Bb2 Re7 52. Re2 h4 53. Ba3 Rf7 54. Be4+ Kg4 55. f3+ Kh5 56. g4+ Kh6 57. Bd6 Rc8 58. Bxf8+ Rfxf8 59. Rxb6 Rc1+ 60. Kg2 h3+ 61. Kxh3 Rh8 62. Kg3 Bxd4 63. Rxe6+ Kg7 64. Rg6+ 1-0

[Event "Dhaka Marcel op"]
[Site "Dhaka"]
[Date "2022.04.25"]
[Round "7"]
[White "Hossain, Showkat Pollab"]
[Black "Tahmidul, Haque"]
[Result "1-0"]
[WhiteElo "1979"]
[BlackElo "1811"]
[PlyCount "59"]
[EventDate "2022.04.19"]
[EventType "swiss"]
[EventRounds "9"]
[EventCountry "BAN"]
[SourceTitle "EXT 2023"]
[Source "ChessBase"]
[SourceDate "2022.10.05"]
[SourceVersion "1"]
[SourceVersionDate "2022.10.05"]
[SourceQuality "1"]

1. e4 c5 2. Nf3 e6 3. d3 d5 4. Nbd2 Nf6 5. g3 Nc6 6. Bg2 Be7 7. 0-0 0-0 8. Re1 b5 9. h4 Bb7 10. Qe2 Qc7 11. e5 Nd7 12. Nf1 Nd4 13. Nxd4 cxd4 14. Bf4 Rfc8 15. Rec1 Nb6 16. h5 g5 17. hxg6 hxg6 18. Nh2 Na4 19. Rab1 a5 20. Ng4 g5 21. Bd2 Kg7 22. f4 gxf4 23. Bxf4 Rh8 24. Rf1 Kf8 25. Nf6 Nb6 26. Qg4 Bc5 27. Bg5 Nd7 28. Bh6+ Rxh6 29. Qg8+ Ke7 30. Nxd5+ 1-0

[Event "Dhaka Al Mahmud Memorial"]
[Site "Dhaka"]
[Date "2022.02.05"]
[Round "1"]
[White "Mrittika, Mallick"]
[Black "Hossain, Showkat Pollab"]
[Result "1-0"]
[WhiteElo "1666"]
[BlackElo "2037"]
[PlyCount "99"]
[EventDate "2022.02.05"]
[EventType "swiss"]
[EventRounds "9"]
[EventCountry "BAN"]
[SourceTitle "EXT 2023"]
[Source "ChessBase"]
[SourceDate "2022.10.05"]
[SourceVersion "1"]
[SourceVersionDate "2022.10.05"]
[SourceQuality "1"]

1. e4 c5 2. Nf3 Nc6 3. Bb5 g6 4. 0-0 Bg7 5. c3 a6 6. Bxc6 dxc6 7. Re1 e5 8. d3 Qd6 9. a4 b5 10. Na3 Rb8 11. Nc2 Ne7 12. b4 cxb4 13. cxb4 0-0 14. Be3 Rd8 15. Bc5 Qe6 16. Ne3 Bb7 17. h3 Nc8 18. a5 Nd6 19. Qc2 Rd7 20. Ra3 Ne8 21. Ng4 Nc7 22. Qc3 f6 23. d4 h5 24. Ne3 exd4 25. Nxd4 Qf7 26. Nec2 Re8 27. Qg3 Ne6 28. Nxe6 Rxe6 29. Rd3 Rxd3 30. Qxd3 Re8 31. Rd1 Bc8 32. Qf3 f5 33. exf5 Bxf5 34. Ne3 Bc8 35. Qxc6 Kh7 36. Bd4 Bb7 37. Qc3 Bh6 38. Bc5 Bg7 39. Qd3 Bc6 40. Bd4 Bh6 41. Qc3 Bb7 42. Bb6 Rc8 43. Qd3 Bc6 44. Rc1 Bf4 45. Qd4 Bb7 46. Rxc8 Bxc8 47. Nd5 Bg5 48. Qe5 Bb7 49. Bd4 Qg8 50. Qc7+ 1-0

[Event "Dhaka Sheikh Russel op"]
[Site "Dhaka"]
[Date "2021.10.21"]
[Round "3"]
[White "Subhayan, Kundu"]
[Black "Hossain, Showkat Pollab"]
[Result "1/2-1/2"]
[WhiteElo "2329"]
[BlackElo "2021"]
[PlyCount "47"]
[EventDate "2021.10.19"]
[EventType "swiss"]
[EventRounds "9"]
[EventCountry "BAN"]
[SourceTitle "CBM 204 Extra"]
[Source "ChessBase"]
[SourceDate "2021.11.30"]
[SourceVersion "1"]
[SourceVersionDate "2021.11.30"]
[SourceQuality "1"]

1. e4 c5 2. Nf3 Nc6 3. d4 cxd4 4. Nxd4 Nf6 5. Nc3 e5 6. Ndb5 d6 7. Nd5 Nxd5 8. exd5 Nb8 9. c4 Be7 10. c5 0-0 11. Be3 Na6 12. cxd6 Bxd6 13. a3 b6 14. Bc4 Nc7 15. Nc3 f5 16. 0-0 Qh4 17. f4 exf4 18. Bf2 Qh6 19. Re1 Bd7 20. a4 Rf6 21. Qf3 g5 22. Re6 g4 23. Rxf6 Qxf6 24. Qd3 1/2-1/2

[Event "Dhaka Sheikh Hasina op"]
[Site "Dhaka"]
[Date "2021.09.27"]
[Round "9"]
[White "Hossain, Showkat Pollab"]
[Black "Mehdi, Hasan Parag"]
[Result "1/2-1/2"]
[WhiteElo "1997"]
[BlackElo "2177"]
[PlyCount "158"]
[EventDate "2021.09.19"]
[EventType "swiss"]
[EventRounds "9"]
[EventCountry "BAN"]
[SourceTitle "CBM 204 Extra"]
[Source "ChessBase"]
[SourceDate "2021.11.30"]
[SourceVersion "1"]
[SourceVersionDate "2021.11.30"]
[SourceQuality "1"]

1. e4 c6 2. d3 d5 3. Nd2 g6 4. g3 Bg7 5. Bg2 e5 6. Qe2 Ne7 7. Ngf3 0-0 8. exd5 cxd5 9. 0-0 Nbc6 10. Nb3 Qd6 11. c3 a5 12. a4 b6 13. Rd1 Ba6 14. Qc2 Rac8 15. Bf1 d4 16. c4 f5 17. Bg5 Nb4 18. Qd2 Nec6 19. Bh6 Rcd8 20. Bxg7 Kxg7 21. Rac1 Rfe8 22. Nh4 Qf6 23. Ng2 Bb7 24. c5 Qe6 25. Na1 Na2 26. Rb1 bxc5 27. Re1 Ncb4 28. Qd1 Bc6 29. Nb3 Bxa4 30. Nxc5 Bxd1 31. Nxe6+ Rxe6 32. Rexd1 Rc6 33. Ne1 e4 34. Ng2 Kf6 35. dxe4 fxe4 36. Re1 Ke5 37. Nf4 g5 38. Nd3+ Kd5 39. Nxb4+ Nxb4 40. Ra1 Rc5 41. Bg2 Re8 42. Rxe4 Rxe4 43. Re1 Kd6 44. Bxe4 Re5 45. f3 Re7 46. Ra1 Ra7 47. Kf2 Kc5 48. Rc1+ Kb5 49. Ke2 Ka4 50. Bc2+ Nxc2 51. Rxc2 Kb3 52. Kd3 a4 53. Rf2 Rd7 54. f4 gxf4 55. gxf4 Kb4 56. f5 Kc5 57. f6 Rf7 58. Rf5+ Kd6 59. Kxd4 Ke6 60. Rf3 Rd7+ 61. Kc4 Kf7 62. Rf2 Rb7 63. Kd4 Rb3 64. Ke5 a3 65. bxa3 Rxa3 66. Kf5 Ra5+ 67. Kg4 Rb5 68. Rf4 Rb2 69. h4 Rg2+ 70. Kh5 Rg6 71. Rf2 Rxf6 72. Rxf6+ Kxf6 73. Kh6 Kf7 74. Kxh7 Kf8 75. h5 Kf7 76. h6 Kf8 77. Kg6 Kg8 78. h7+ Kh8 79. Kf7 Kxh7 1/2-1/2

[Event "Dhaka Sheikh Hasina op"]
[Site "Dhaka"]
[Date "2021.09.26"]
[Round "8"]
[White "Hossain, Showkat Pollab"]
[Black "Sakline Mostafa, Sajid"]
[Result "0-1"]
[WhiteElo "1997"]
[BlackElo "1770"]
[PlyCount "54"]
[EventDate "2021.09.19"]
[EventType "swiss"]
[EventRounds "9"]
[EventCountry "BAN"]
[SourceTitle "CBM 204 Extra"]
[Source "ChessBase"]
[SourceDate "2021.11.30"]
[SourceVersion "1"]
[SourceVersionDate "2021.11.30"]
[SourceQuality "1"]

1. e4 e5 2. Nf3 Nc6 3. Bc4 Nf6 4. d3 Bc5 5. 0-0 0-0 6. Bg5 d6 7. c3 h6 8. Bh4 g5 9. d4 Nxe4 10. dxc5 gxh4 11. cxd6 Nxd6 12. Bd5 e4 13. Nfd2 Re8 14. Re1 Bf5 15. Bxc6 bxc6 16. Na3 Qg5 17. Re3 Kh7 18. Qf1 Bg6 19. Nac4 f5 20. f4 exf3 21. Rxe8 fxg2 22. Qf3 Rxe8 23. Qxc6 Nxc4 24. Nxc4 h3 25. Qxc7+ Qe7 26. Qg3 Qc5+ 27. Qf2 Qxc4 0-1

[Event "Dhaka Sheikh Hasina op"]
[Site "Dhaka"]
[Date "2021.09.25"]
[Round "7"]
[White "Abdyjapar, Asyl"]
[Black "Hossain, Showkat Pollab"]
[Result "1-0"]
[WhiteElo "2409"]
[BlackElo "1997"]
[PlyCount "117"]
[EventDate "2021.09.19"]
[EventType "swiss"]
[EventRounds "9"]
[EventCountry "BAN"]
[SourceTitle "CBM 204 Extra"]
[Source "ChessBase"]
[SourceDate "2021.11.30"]
[SourceVersion "1"]
[SourceVersionDate "2021.11.30"]
[SourceQuality "1"]

1. Nf3 f5 2. d4 Nf6 3. Bf4 g6 4. e3 Bg7 5. Bc4 d5 6. Bd3 0-0 7. h4 c6 8. Nbd2 Qe8 9. Ne5 Nbd7 10. Ndf3 Nh5 11. Nxd7 Bxd7 12. Be5 Bh6 13. Qe2 b6 14. c3 c5 15. 0-0-0 c4 16. Bc2 b5 17. Ng5 a5 18. f3 b4 19. g4 fxg4 20. fxg4 Nf6 21. Rdg1 bxc3 22. bxc3 Qc8 23. Bxf6 exf6 24. Nxh7 Kxh7 25. g5 Bf5 26. gxh6 Bxc2 27. Qxc2 Qe8 28. h5 Rg8 29. hxg6+ Rxg6 30. Qxg6+ Qxg6 31. Rxg6 Kxg6 32. h7 Rh8 33. Kb2 Rxh7 34. Rxh7 Kxh7 35. Ka3 Kg6 36. Ka4 Kf5 37. Kxa5 Ke4 38. Kb4 Kxe3 39. a4 f5 40. a5 f4 41. a6 f3 42. a7 f2 43. a8Q f1Q 44. Qxd5 Qb1+ 45. Kc5 Qh7 46. Kxc4 Qd3+ 47. Kb4 Qb1+ 48. Kc5 Kd2 49. c4 Qd3 50. Qg5+ Kc3 51. Qc1+ Kb3 52. d5 Qf5 53. Qe3+ Ka4 54. Qe6 Qf2+ 55. Kc6 Kb4 56. d6 Qc5+ 57. Kb7 Kc3 58. d7 Qf8 59. Qd5 1-0

[Event "Dhaka Sheikh Hasina op"]
[Site "Dhaka"]
[Date "2021.09.24"]
[Round "6"]
[White "Hossain, Showkat Pollab"]
[Black "Zubarev, Alexander2222"]
[Result "0-1"]
[WhiteElo "1997"]
[BlackElo "2409"]
[PlyCount "134"]
[EventDate "2021.09.19"]
[EventType "swiss"]
[EventRounds "9"]
[EventCountry "BAN"]
[SourceTitle "CBM 204 Extra"]
[Source "ChessBase"]
[SourceDate "2021.11.30"]
[SourceVersion "1"]
[SourceVersionDate "2021.11.30"]
[SourceQuality "1"]

1. e4 c5 2. Nf3 e6 3. d3 d5 4. Nbd2 Nf6 5. g3 Nc6 6. Bg2 Be7 7. 0-0 0-0 8. Re1 b5 9. e5 Nd7 10. h4 Qc7 11. Qe2 Bb7 12. Nf1 Rfc8 13. Bf4 a5 14. h5 h6 15. N1h2 b4 16. Qd2 Bf8 17. g4 c4 18. d4 c3 19. bxc3 Na7 20. Re3 Nb5 21. g5 Nxc3 22. Ne1 hxg5 23. Bxg5 Ne4 24. Bxe4 dxe4 25. h6 g6 26. h7+ Kh8 27. Ng4 Bg7 28. Rh3 Nb6 29. Bf6 Nd5 30. Bxg7+ Kxg7 31. Qh6+ Kh8 32. Nf6 Ne7 33. Qf4 Nf5 34. Nxe4 Bxe4 35. Qxe4 Qd8 36. Rd1 Rc4 37. Nf3 Rac8 38. Rd2 R8c7 39. Kh2 Rd7 40. Qf4 Rd5 41. Ng5 Qe7 42. Rhd3 Rc8 43. Ne4 Rc4 44. Nf6 Rd8 45. Qe4 Qc7 46. Qf4 Rxc2 47. Rxc2 Qxc2 48. Rd2 Qc4 49. Qe4 Nxd4 50. Qb7 Nf3+ 51. Qxf3 Qh4+ 52. Kg2 Qg5+ 53. Ng4 Rxd2 54. Kf1 Qe7 55. Nh6 Rd7 56. Qa8+ Kxh7 57. Ng4 Kg7 58. Nf6 Qd8 59. Qf3 Rd1+ 60. Kg2 Qd3 61. Qg4 Qf1+ 62. Kf3 Qd3+ 63. Kg2 Qf1+ 64. Kf3 Qh1+ 65. Ke2 Qe1+ 66. Kf3 Qxe5 67. Kg2 Kxf6 0-1

[Event "Sheikh Kamal Online Inv"]
[Site "Tornelo INT"]
[Date "2021.08.27"]
[Round "2"]
[White "Hossain, Showkat Pollab"]
[Black "Muhammed, Shuaau"]
[Result "1-0"]
[WhiteElo "1997"]
[BlackElo "1925"]
[PlyCount "119"]
[EventDate "2021.08.27"]
[EventType "tourn (rapid)"]
[EventRounds "9"]
[EventCountry "BAN"]
[SourceTitle "CBM 204 Extra"]
[Source "ChessBase"]
[SourceDate "2021.11.30"]
[SourceVersion "1"]
[SourceVersionDate "2021.11.30"]
[SourceQuality "1"]

1. e4 e5 2. Nf3 Nc6 3. Bc4 Nf6 4. d3 Be7 5. 0-0 0-0 6. c3 d6 7. h3 Na5 8. Bb3 Nxb3 9. axb3 b6 10. Re1 Bb7 11. Na3 Re8 12. Nc4 Bf8 13. Bg5 h6 14. Bh4 g6 15. Ne3 Bg7 16. Qd2 Kh7 17. Rad1 Qc8 18. Nh2 Nh5 19. f3 c6 20. d4 exd4 21. cxd4 c5 22. d5 a5 23. Nc4 Qc7 24. g4 b5 25. Na3 Nf6 26. Bg3 Ba6 27. Nf1 b4 28. Nc2 Nd7 29. Nce3 c4 30. bxc4 Qc5 31. Kg2 Ne5 32. Rc1 a4 33. Bf2 Qa5 34. f4 Nd7 35. Ng3 Nc5 36. Qc2 a3 37. bxa3 bxa3 38. e5 dxe5 39. f5 e4 40. fxg6+ fxg6 41. Re2 Bb7 42. Be1 Qa4 43. Qa2 Nd3 44. Rb1 Nf4+ 45. Kf1 Nxe2 46. Rxb7 Nxg3+ 47. Bxg3 Ra7 48. Rb3 Rf8+ 49. Kg2 Bd4 50. Nc2 Bc5 51. Rb5 Ra5 52. Rb7+ Kg8 53. d6 Rf7 54. d7 Rxd7 55. Rb8+ Kh7 56. Ne1 Bb4 57. Qf2 Qc6 58. Kf1 Raa7 59. Be5 Rf7 60. Rh8# 1-0

[Event "Sheikh Kamal Online Inv"]
[Site "Tornelo INT"]
[Date "2021.08.27"]
[Round "1"]
[White "Sakline Mostafa, Sajid"]
[Black "Hossain, Showkat Pollab"]
[Result "1-0"]
[WhiteElo "1770"]
[BlackElo "1997"]
[PlyCount "71"]
[EventDate "2021.08.27"]
[EventType "tourn (rapid)"]
[EventRounds "9"]
[EventCountry "BAN"]
[SourceTitle "CBM 204 Extra"]
[Source "ChessBase"]
[SourceDate "2021.11.30"]
[SourceVersion "1"]
[SourceVersionDate "2021.11.30"]
[SourceQuality "1"]

1. e4 c5 2. Nf3 Nc6 3. d4 cxd4 4. Nxd4 Nf6 5. Nc3 e5 6. Ndb5 d6 7. Be3 a6 8. Na3 b5 9. Nd5 Nxd5 10. exd5 Ne7 11. c4 bxc4 12. Nxc4 f5 13. Qa4+ Kf7 14. Bb6 Qd7 15. Qxd7 Bxd7 16. Nxd6+ Kg6 17. Nc4 Kf6 18. 0-0-0 Rc8 19. Kb1 Ng6 20. h4 Bc5 21. h5 Ne7 22. d6 Ng8 23. Bxc5 Rxc5 24. Nb6 Bc6 25. d7 Ne7 26. d8Q Be4+ 27. Qd3 Bxd3+ 28. Bxd3 Kg5 29. Nc4 e4 30. Be2 Nc6 31. a3 Rb8 32. Ka2 h6 33. Rd6 Ne7 34. g3 Rb7 35. Rxa6 Nd5 36. Rg6# 1-0

[Event "BAN-chT2 Borsho 2nd"]
[Site "Bangladesh"]
[Date "2021.01.24"]
[Round "5.3"]
[White "Hossain, Showkat Pollab"]
[Black "Md, Sariatullah"]
[Result "1-0"]
[WhiteElo "1992"]
[BlackElo "2018"]
[PlyCount "131"]
[EventDate "2021.01.20"]
[EventType "team-tourn"]
[EventRounds "9"]
[EventCountry "BAN"]
[SourceTitle "CBM 200 Extra"]
[Source "ChessBase"]
[SourceDate "2021.03.31"]
[SourceVersion "1"]
[SourceVersionDate "2021.03.31"]
[SourceQuality "1"]
[WhiteTeam "BD Chess In School"]
[BlackTeam "Sports Bangla"]
[WhiteTeamCountry "BAN"]
[BlackTeamCountry "BAN"]

1. e4 Nc6 2. Nf3 e5 3. Bc4 Bc5 4. c3 Nf6 5. d3 0-0 6. Bg5 d6 7. h3 Be6 8. Nbd2 a6 9. a4 Qe7 10. 0-0 h6 11. Be3 Bxe3 12. fxe3 Bxc4 13. dxc4 Nh7 14. Qe1 g5 15. Nh2 Qe6 16. Qe2 Ne7 17. Rf2 f5 18. exf5 Nxf5 19. Qg4 Ng7 20. Raf1 h5 21. Rxf8+ Rxf8 22. Rxf8+ Kxf8 23. Qf3+ Qf5 24. Qxb7 Ne6 25. Nhf1 g4 26. hxg4 hxg4 27. Ng3 Qd3 28. Ngf1 Nhg5 29. Qxa6 Qe2 30. Qa8+ Ke7 31. Qh8 Kd7 32. Qh4 Qd1 33. b3 Kc6 34. a5 Qa1 35. Qxg4 Qxa5 36. Ne4 Nxe4 37. Qxe4+ Kd7 38. b4 Qa1 39. Qd3 Qe1 40. c5 Qh4 41. cxd6 cxd6 42. Qf5 Qc4 43. Qf7+ Kc6 44. Qe8+ Kb6 45. Qd7 e4 46. Qxd6+ Kb7 47. Qd7+ Nc7 48. Kf2 Qxc3 49. Qd4 Qxd4 50. exd4 Kc6 51. Ke3 Kd5 52. Nd2 Nb5 53. Nxe4 Nxd4 54. Kd3 Nc6 55. Nc3+ Kd6 56. b5 Nd8 57. Kc4 Nb7 58. Ne2 Na5+ 59. Kd4 Nb7 60. Nc3 Kc7 61. Kc4 Kd6 62. Kd4 Ke6 63. Ne4 Na5 64. Nc5+ Kd6 65. g4 Ke7 66. Kc3 1-0

[Event "BAN-chT2 Borsho 2nd"]
[Site "Bangladesh"]
[Date "2021.01.20"]
[Round "1.3"]
[White "Hossain, Showkat Pollab"]
[Black "Tasnia Tarannum, Orpa"]
[Result "1/2-1/2"]
[WhiteElo "1992"]
[BlackElo "1424"]
[PlyCount "65"]
[EventDate "2021.01.20"]
[EventType "team-tourn"]
[EventRounds "9"]
[EventCountry "BAN"]
[SourceTitle "CBM 200 Extra"]
[Source "ChessBase"]
[SourceDate "2021.03.31"]
[SourceVersion "1"]
[SourceVersionDate "2021.03.31"]
[SourceQuality "1"]
[WhiteTeam "BD Chess In School"]
[BlackTeam "Debonair"]
[WhiteTeamCountry "BAN"]
[BlackTeamCountry "BAN"]

1. e4 c5 2. Nf3 Nc6 3. d3 e5 4. g3 d6 5. Bg2 Nf6 6. Nbd2 Be7 7. 0-0 0-0 8. Nc4 Nd7 9. Ne3 Nb6 10. c3 Bf6 11. Qe2 Be6 12. g4 g6 13. h3 Re8 14. Rd1 d5 15. g5 Bg7 16. Nf1 d4 17. cxd4 cxd4 18. Bd2 Qd7 19. Kh2 Rac8 20. b3 Qe7 21. Qe1 Nd7 22. Ng3 Bf8 23. Qe2 Nb4 24. Bxb4 Qxb4 25. h4 Bg4 26. Bh3 Bxh3 27. Kxh3 Nc5 28. Ne1 Ne6 29. Ng2 Rc3 30. Qd2 Rec8 31. f4 Qd6 32. fxe5 Qxe5 33. Qf2 1/2-1/2

[Event "BAN-chT"]
[Site "Dhaka"]
[Date "2019.12.08"]
[Round "2.5"]
[White "Hossain, Showkat Pollab"]
[Black "Subrota, Biswas"]
[Result "0-1"]
[WhiteElo "2088"]
[BlackElo "2134"]
[PlyCount "47"]
[EventDate "2019.12.07"]
[EventType "team-tourn"]
[EventRounds "11"]
[EventCountry "BAN"]
[SourceTitle "CBM 193 Extra"]
[Source "ChessBase"]
[SourceDate "2020.01.31"]
[SourceVersion "1"]
[SourceVersionDate "2020.01.31"]
[SourceQuality "1"]
[WhiteTeam "Sheikh Russel"]
[BlackTeam "Bangladesh Navy"]
[WhiteTeamCountry "BAN"]
[BlackTeamCountry "BAN"]

1. e4 e5 2. Nf3 Nc6 3. Bc4 Nf6 4. d3 Be7 5. c3 0-0 6. 0-0 d6 7. Re1 Na5 8. Nbd2 c6 9. b4 Nxc4 10. Nxc4 Kh8 11. h3 Be6 12. Ne3 a5 13. a3 g6 14. Bb2 Nh5 15. d4 f6 16. c4 Kg8 17. c5 exd4 18. Nxd4 Bf7 19. cxd6 Qxd6 20. b5 c5 21. Ne2 Rad8 22. Qxd6 Rxd6 23. g4 Ng7 24. Nf4 0-1

[Event "Asia zt 3.2"]
[Site "Dhaka"]
[Date "2019.03.20"]
[Round "6"]
[White "Nayem, Haque"]
[Black "Hossain, Showkat Pollab"]
[Result "1-0"]
[WhiteElo "2000"]
[BlackElo "2162"]
[PlyCount "123"]
[EventDate "2019.03.15"]
[EventType "swiss"]
[EventRounds "9"]
[EventCountry "BAN"]
[SourceTitle "CBM 189 Extra"]
[Source "ChessBase"]
[SourceDate "2019.06.03"]
[SourceVersion "1"]
[SourceVersionDate "2019.06.03"]
[SourceQuality "1"]

1. e4 c5 2. d4 Nf6 3. e5 Nd5 4. c4 Nc7 5. d5 d6 6. exd6 exd6 7. Nf3 Bg4 8. Bg5 Be7 9. Bxe7 Qxe7+ 10. Qe2 Bxf3 11. gxf3 Nd7 12. Qxe7+ Kxe7 13. Nd2 f5 14. 0-0-0 Kf6 15. Rg1 Rhe8 16. f4 Nf8 17. Bd3 Re7 18. Nf1 Rb8 19. Ne3 g6 20. Rge1 a6 21. a4 Nd7 22. Kc2 Ne8 23. Rg1 Ng7 24. b3 Rbe8 25. Kd2 Nh5 26. Ng2 Kf7 27. Rge1 Ndf6 28. f3 Ng7 29. Rxe7+ Rxe7 30. Re1 Rd7 31. a5 Rd8 32. Bc2 Rb8 33. Rb1 Nd7 34. Ne1 Nh5 35. Nd3 h6 36. Re1 Rd8 37. Re6 Ndf6 38. Re1 Rc8 39. Rb1 Nd7 40. Re1 Ng7 41. Nf2 Kf6 42. h4 Ra8 43. Nh1 Rd8 44. Ng3 Nf8 45. h5 Re8 46. Rxe8 Nxe8 47. hxg6 Ng7 48. Nxf5 Nxf5 49. Bxf5 Nxg6 50. Bc8 Nxf4 51. Bxb7 Ke7 52. Bxa6 Kd8 53. Ke3 Ng2+ 54. Kf2 Nf4 55. Bb5 h5 56. Kg3 Ng6 57. a6 Kc7 58. Be8 h4+ 59. Kh3 Ne7 60. Kxh4 Nf5+ 61. Kg4 Nd4 62. Ba4 1-0

[Event "Asia zt 3.2"]
[Site "Dhaka"]
[Date "2019.03.16"]
[Round "2"]
[White "Thilakarathne, GM Harshana"]
[Black "Hossain, Showkat Pollab"]
[Result "0-1"]
[WhiteElo "2417"]
[BlackElo "2162"]
[PlyCount "68"]
[EventDate "2019.03.15"]
[EventType "swiss"]
[EventRounds "9"]
[EventCountry "BAN"]
[SourceTitle "CBM 189 Extra"]
[Source "ChessBase"]
[SourceDate "2019.06.03"]
[SourceVersion "1"]
[SourceVersionDate "2019.06.03"]
[SourceQuality "1"]

1. e4 d5 2. exd5 Qxd5 3. Nc3 Qa5 4. d4 c6 5. Nf3 Nf6 6. Ne5 Bf5 7. Bc4 e6 8. g4 Be4 9. 0-0 Bd5 10. Bd3 Nbd7 11. f4 Bb4 12. Nxd5 Qxd5 13. c3 Ba5 14. Qe2 Bb6 15. Be3 Qd6 16. Nc4 Qe7 17. Nxb6 Nxb6 18. Bd2 0-0-0 19. f5 e5 20. Bf4 h5 21. g5 Nfd5 22. Qxe5 Qxe5 23. Bxe5 f6 24. gxf6 gxf6 25. Bg3 h4 26. Bf2 Nf4 27. Be4 Nc4 28. Be1 Nh3+ 29. Kh1 Ng5 30. Bc2 Ne3 31. Rf2 Rdg8 32. Re2 Nf3 33. Bd2 Nxc2 34. Bf4 Nxa1 0-1

[Event "BAN-ch 44th"]
[Site "Dhaka"]
[Date "2018.12.01"]
[Round "8"]
[White "Hossain, Showkat Pollab"]
[Black "Rahman, Ziaur"]
[Result "0-1"]
[WhiteElo "2119"]
[BlackElo "2468"]
[PlyCount "90"]
[EventDate "2018.11.24"]
[EventType "swiss"]
[EventRounds "10"]
[EventCountry "BAN"]
[SourceTitle "CBM 187 Extra"]
[Source "ChessBase"]
[SourceDate "2018.11.04"]
[SourceVersion "1"]
[SourceVersionDate "2018.11.04"]
[SourceQuality "1"]

1. e4 c5 2. Nf3 d6 3. d4 cxd4 4. Nxd4 Nf6 5. Nc3 Nc6 6. Bg5 e6 7. Qd2 a6 8. Be2 Bd7 9. 0-0 h6 10. Bh4 Be7 11. Kh1 Qb6 12. Nb3 Qc7 13. Bg3 Rd8 14. f4 b5 15. a3 Bc8 16. Qe3 0-0 17. Nd4 Nxd4 18. Qxd4 Nd7 19. f5 Nf6 20. a4 e5 21. Qd3 b4 22. Nd5 Nxd5 23. exd5 Bf6 24. Qe4 a5 25. c3 bxc3 26. Rac1 Qb6 27. bxc3 Bd7 28. Rb1 Qc5 29. Rb3 Rb8 30. Bf2 Qc8 31. Rxb8 Qxb8 32. Qc2 Qe8 33. Qe4 Qc8 34. Be1 Qc5 35. Bd2 Rb8 36. Ra1 Rb2 37. Be1 Bd8 38. Bd3 Bb6 39. Bh4 Qxc3 40. f6 g6 41. Rf1 Bf5 42. Rxf5 gxf5 43. Qxf5 Qc1+ 44. Bf1 Rb4 45. g3 Rf4 0-1

[Event "BAN-ch 44th"]
[Site "Dhaka"]
[Date "2018.11.30"]
[Round "7"]
[White "Hossain, Showkat Pollab"]
[Black "Abu Sufian, Sakil"]
[Result "0-1"]
[WhiteElo "2119"]
[BlackElo "2230"]
[PlyCount "149"]
[EventDate "2018.11.24"]
[EventType "swiss"]
[EventRounds "10"]
[EventCountry "BAN"]
[SourceTitle "CBM 187 Extra"]
[Source "ChessBase"]
[SourceDate "2018.11.04"]
[SourceVersion "1"]
[SourceVersionDate "2018.11.04"]
[SourceQuality "1"]

1. e4 c6 2. d4 d5 3. exd5 cxd5 4. Bd3 Nc6 5. c3 Qc7 6. h3 e6 7. Nd2 Nge7 8. Ndf3 Ng6 9. Ne2 Bd6 10. Be3 Bd7 11. Qd2 0-0-0 12. h4 f6 13. Qc2 Nge7 14. Qd2 e5 15. dxe5 fxe5 16. Bc2 h6 17. a3 Kb8 18. Bb3 Be6 19. Qd1 Na5 20. Ba2 Nc4 21. Bc1 Rhf8 22. b3 Na5 23. Bb2 Bg4 24. Nh2 Bh5 25. Qd2 Qb6 26. Nc1 Rf7 27. Qe3 Qxe3+ 28. fxe3 Rdf8 29. g4 Bg6 30. Rf1 e4 31. Rxf7 Bg3+ 32. Kf1 Rxf7+ 33. Kg2 Bxh2 34. c4 Bd6 35. Ne2 Nac6 36. Rd1 Ne5 37. Bxe5 Bxe5 38. cxd5 Nc8 39. h5 Bh7 40. Nf4 Bxf4 41. Rf1 Bg8 42. exf4 Rd7 43. Kf2 Rxd5 44. Bb1 Nd6 45. Ke3 Ra5 46. Rd1 Kc7 47. Rc1+ Kd7 48. Rc3 Rxa3 49. Bc2 Nb5 50. Rc5 Bxb3 51. Bxb3 Rxb3+ 52. Kxe4 Nd6+ 53. Kd4 Rb4+ 54. Ke3 Rb5 55. Rc1 a5 56. Rg1 a4 57. g5 hxg5 58. fxg5 a3 59. h6 gxh6 60. gxh6 Nf5+ 61. Kd3 Nxh6 62. Kc4 Ra5 63. Kb4 Ra6 64. Kb3 a2 65. Ra1 Nf5 66. Kb2 Nd6 67. Kb3 Kc6 68. Kb4 Kb6 69. Kb3 Kb5 70. Kc3 Ra3+ 71. Kc2 Kb4 72. Kb2 Nc4+ 73. Kc2 Rc3+ 74. Kd1 Kb3 75. Ke1 0-1